000 00583nam a2200193 i 4500
001 34346
003 ES-MaACL
005 20230906154921.0
007 t|
008 030204s1958 sp af |||| | spa d
100 1 _aBlond, Georges.
_929540
245 1 0 _aVida y muerte de las ballenas /
_cGeorges Blond ; fotografías por Fred Matter.
250 _a1ª ed.
260 _aMadrid, etc. :
_bGarriga,
_c1958 (
_eBarcelona :
_f(Agustín Núñez)
300 _a231 p., 8 lám. ;
_c21 cm.
650 4 _aBallenas.
_9150057
700 1 _aMatter, Fred.
_979117
852 _aES-MaACL
_jC-14854
999 _c34346
_d34346